La evolución de los seres vivos /

Đã lưu trong:
Chi tiết về thư mục
Tác giả chính: Vargas Gómez, Pablo (autor.)
Tác giả khác: Gómez Reyes, José María (autor.)
Định dạng: eBook
Ngôn ngữ:Tiếng Tây Ban Nha
Được phát hành: Madrid : Editorial CSIC Consejo Superior de Investigaciones Científicas, 2025.
Loạt:Colección ¿Qué sabemos de?.
Những chủ đề:
Truy cập trực tuyến:https://elibro.unach.elogim.com/es/lc/unach/titulos/291938
Các nhãn: Thêm thẻ
Không có thẻ, Là người đầu tiên thẻ bản ghi này!

MARC

LEADER 00000nam a2200000 i 4500
001 ELB291938
003 FINmELB
005 20260222114346.0
006 m o u
007 cr cn|||||||||
008 260222s2025 sp ob 000 0 spa d
020 |z 9788400115500 
020 |a 9788400115517  |q (e-book) 
035 |a (OCoLC)1574228028 
040 |a FINmELB  |b spa  |e rda  |c FINmELB 
050 1 4 |a QH366.2  |b V297 2025 
080 |a 575.8 
082 0 4 |a 575  |2 23 
100 1 |a Vargas Gómez, Pablo,  |e autor. 
245 1 3 |a La evolución de los seres vivos /  |c Pablo Vargas Gómez, José María Gómez Reyes. 
264 1 |a Madrid :  |b Editorial CSIC Consejo Superior de Investigaciones Científicas,  |c 2025. 
300 |a 1 recurso en línea (148 páginas) 
336 |a texto  |b txt  |2 rdamedia/spa 
337 |a computadora  |b c  |2 rdamedia/spa 
338 |a recurso en línea  |b cr  |2 rdacarrier/spa 
490 1 |a Colección ¿Qué sabemos de? 
504 |a Contiene bibliografía. 
588 |a Descripción basada en metadatos suministrados por el editor y otras fuentes. 
590 |a Recurso electrónico. Santa Fe, Arg.: elibro, 2026. Disponible vía World Wide Web. El acceso puede estar limitado para las bibliotecas afiliadas a elibro. 
650 4 |a Evolución (Biología) 
655 4 |a Libros electrónicos. 
700 1 |a Gómez Reyes, José María,  |e autor. 
797 2 |a elibro, Corp. 
830 0 |a Colección ¿Qué sabemos de?. 
856 4 0 |u https://elibro.unach.elogim.com/es/lc/unach/titulos/291938